000 00281nam a22001217a 4500
008 171023b xxu||||| |||| 00| 0 eng d
041 _aeng
080 _a658
100 _a54
101 _aLED
245 _aTHE NIBBLE THEORY AND KERNEL OF POWER
_cJAMISON.K
942 _2udc
_cBK
999 _c35386
_d35386